00827nam a22002417a 450000500170000001000130001702000230003003500130005303700160006604000120008208200150009410000260010924500800013526000420021527000550025730000210031250000200033365000270035365000340038094200240041499900190043895201280045720170124110143.0 aB-031436 c1000.00a817005040 aB-031436 bCen Lib/Ret aDPLbEN a020.3bGAR aGarrkoti, G.K.932847 aConcise encyclopaedia of library information technology /cby G.K. Garrkoti aNew DelhibEss Ess Publicationsc2001 a4837/24, Ansari Road Darya GanjbNew Delhie110002 a504p. c21cm(Hb) aIncludes index aLibrary Science992315 aInformation technology992316 2ddccENh020.3mGAR c131805d131805 00104070aLbLd2015-07-16eCen Lib/Retg1000.00l0o020.3 GARpB-031436r2015-07-16 00:00:00t1v1000.00w2015-07-16yEN